Top 20 Countries With The Most Gold - Statistics

General Stats
  • This quiz has been taken 65 times
  • The average score is 13 of 20
Answer Stats
Tons/year Answer % Correct
366 China
100%
206 United States
100%
213 Canada
97%
365 Russia
93%
347 Australia
92%
138 Mexico
92%
99 Brazil
88%
126 South Africa
88%
69 DR Congo
75%
130 Indonesia
73%
140 Peru
66%
67 Colombia
63%
94 Sudan
53%
50 Bolivia
51%
109 Mali
44%
51 Zimbabwe
44%
142 Ghana
42%
116 Uzbekistan
36%
114 Burkina Faso
25%
66 Guinea
25%
No matching quizzes found
Score Distribution
Percent of People with Each Score
Percentile by Number Answered
Your Score History
You have not taken this quiz